Thông tin học đại chúng

Na minha lista:
Detalhes bibliográficos
Autor principal: Tsurxin N.N
Outros Autores: Dương Thị Tơ, Trần Như Thuộc
Formato: Livro
Publicado em: H. Khoa học và Kỹ thuật 1985
Assuntos:
Tags: Adicionar Tag
Sem tags, seja o primeiro a adicionar uma tag!
Thư viện lưu trữ: Trung tâm Học liệu Lê Vũ Hùng, Trường Đại học Đồng Tháp
LEADER 00714pam a22002178a 4500
001 00017825
005 20171026081022.0
008 110422s1985 ||||||Viesd
041 0 # |a Vie 
082 1 4 |a 020  |b TH455T 
100 0 # |a Tsurxin N.N 
245 0 0 |a Thông tin học đại chúng  |c N.N. Tsurxin; Trần Như Thuộc, Dương Thị Tơ 
260 # # |a H.  |b Khoa học và Kỹ thuật  |c 1985 
300 # # |a 131 tr.  |c 19 cm. 
653 # # |a Thông tin học 
700 0 # |a Dương Thị Tơ 
700 0 # |a Trần Như Thuộc 
852 # # |b Kho đọc  |j KD.0003074 
852 # # |j KD.0003074 
910 |d 22/04/2011 
980 # # |a Trung tâm Học liệu Lê Vũ Hùng, Trường Đại học Đồng Tháp